Paroles de chanson - Dadju - Bob Marley - Statistiques

Statistiques générales
  • Ce quiz a été pris 1 701 fois
  • Le résultat moyen est 328 sur 417
Statistiques - réponses
Réponse % Correct
a
99%
à
99%
m'
98%
Bob
97%
Elle
97%
ma
97%
Marley
97%
s'
97%
C'
96%
c'
96%
d'
96%
de
96%
l'
96%
qu'
96%
on
95%
un
95%
vie
95%
vivre
95%
Vivre
95%
ai
94%
au
94%
comme
94%
Comme
94%
J'
94%
peu
94%
veut
94%
en
93%
pays
93%
star
93%
une
93%
aille
92%
je
90%
Je
90%
lui
90%
n'
90%
pas
90%
suis
89%
dit
87%
No
86%
no
86%
nous
85%
le
84%
pour
83%
Quand
83%
quand
83%
sur
83%
bombarder
82%
il
81%
est
80%
pourra
80%
sera
79%
ça
78%
les
76%
sa
74%
dans
73%
la
73%
ou
73%
que
73%
son
73%
carte
72%
crédit
72%
et
72%
mon
72%
réseaux
72%
du
71%
ralentis
71%
lundi
69%
tout
69%
Photo
68%
snapchat
68%
des
67%
être
67%
soit
67%
y'
67%
y
67%
love
66%
mais
66%
Mais
66%
Oh
66%
oh
66%
ta
66%
faut
65%
homme
65%
monde
65%
trop
65%
façon
64%
sache
64%
ah
63%
aime
62%
insta
62%
voit
61%
wifi
61%
délire
60%
doser
60%
suffit
59%
contre
58%
heureux
57%
Tant
53%
dis
51%
exposer
51%
petits
50%
peut
50%
tu
49%
Tu
49%
veux
46%
te
44%
va
42%
moi
40%
Moi
40%
ouais
40%
amour
39%
Notre
38%
Toujours
38%
toujours
38%
Si
37%
affaires
36%
leurs
36%
série
36%
vraie
36%
chéri
35%
followers
35%
ensemble
34%
sais
34%
équipe
33%
gens
32%
Comprends
31%
doute
30%
intelligents
30%
oeil
30%
plus
30%
éloigner
29%
Méfions
29%
oublie
29%
vautours
29%
atterrir
27%
Seysey
27%
hashtag
26%
mêmes
25%
Regarde
25%
envole
24%
pire
24%
tenir
24%
défauts
23%
gros
22%
bêtises
20%
bae
18%
cry
17%
woman
16%
Habibti ntia
5%
Aucun quiz correspondant
Distribution des résultats
% des personnes avec chaque résultat
Percentile par nombre de réponses
Votre historique - résultats
Vous n’avez pas pris ce quiz